Monopoly Deal: Property Cards - Statistics

General Stats
  • This quiz has been taken 4 times
  • The average score is 16 of 28
Answer Stats
Set Property % Correct
Brown Baltic Avenue
75%
Dark Blue Boardwalk
75%
Railroad B & O. Railroad
75%
Red Illinois Avenue
75%
Red Indiana Avenue
75%
Yellow Marvin Gardens
75%
Brown Mediterranean Avenue
75%
Green North Carolina Avenue
75%
Dark Blue Park Place
75%
Green Pennsylvania Avenue
75%
Orange Tennessee Avenue
75%
Utility Water Works
75%
Yellow Atlantic Avenue
50%
Light Blue Connecticut Avenue
50%
Utility Electric Company
50%
Red Kentucky Avenue
50%
Orange New York Avenue
50%
Light Blue Oriental Avenue
50%
Railroad Short Line
50%
Purple States Avenue
50%
Purple St. Charles Place
50%
Yellow Ventnor Avenue
50%
Purple Virginia Avenue
50%
Green Pacific Avenue
25%
Railroad Pennsylvania Railroad
25%
Railroad Reading Railroad
25%
Orange St. James Place
25%
Light Blue Vermont Avenue
25%
No matching quizzes found
Score Distribution
Percent of People with Each Score
Percentile by Number Answered
Your Score History
You have not taken this quiz